Essentials of marketing / (Record no. 1213)

MARC details
000 -LEADER
fixed length control field 00669nac a22001931u 4500
010 ## - LIBRARY OF CONGRESS CONTROL NUMBER
LC control number 2004057631
020 ## - INTERNATIONAL STANDARD BOOK NUMBER
International Standard Book Number 0273693581 (alk. paper)
082 00 - DEWEY DECIMAL CLASSIFICATION NUMBER
Classification number 658.8
Item number B6615
090 ## - LOCALLY ASSIGNED LC-TYPE CALL NUMBER (OCLC); LOCAL CALL NUMBER (OCLC)
-- 1213
-- 1213
100 ## - MAIN ENTRY--PERSONAL NAME
Personal name Blythe, Jim.
245 10 - TITLE STATEMENT
Title Essentials of marketing /
Statement of responsibility, etc Jim Blythe.
250 ## - EDITION STATEMENT
Edition statement 3rd ed.
260 ## - PUBLICATION, DISTRIBUTION, ETC. (IMPRINT)
Place of publication, distribution, etc New York :
Name of publisher, distributor, etc Financial Times Prentice Hall,
Date of publication, distribution, etc 2004.
300 ## - PHYSICAL DESCRIPTION
Extent 354 p. :
Other physical details col. ill . ;
Dimensions 24 cm.
500 ## - GENERAL NOTE
General note Includes index.
650 #0 - SUBJECT ADDED ENTRY--TOPICAL TERM
Topical term or geographic name as entry element Marketing.
942 ## - ADDED ENTRY ELEMENTS (KOHA)
Item type Book - Borrowing
Call number prefix 658.8B6615
Holdings
Withdrawn status Item status Damaged status Not for loan Home library Current library Shelving location Date acquired Source of acquisition Total Checkouts Total Renewals Full call number Barcode Date last seen Date last borrowed Koha item type
        Central Library Central Library First floor 27/08/2006 Purchase 9 9 658.8 BLY 000003279 15/07/2025 14/10/2018 Book - Borrowing